书目信息 |
| 题名: |
AutoCAD建筑计算机绘图实例教程
|
|
| 作者: | 龚小兰 主编 | |
| 分册: | ||
| 出版信息: | 北京 中国建材工业出版社 2004.07 |
|
| 页数: | 260页 | |
| 开本: | 23cm | |
| 丛书名: | 高等职业教育土建专业系列教材 | |
| 单 册: | ||
| 中图分类: | TU204 | |
| 科图分类: | ||
| 主题词: | 建筑制图--计算机辅助设计--应用软件--高等教育--教材 | |
| 电子资源: | ||
| ISBN: | 7-80159-660-9 | |
| 000 | 01027nam 2200265 450 | |
| 001 | 0153983583 | |
| 005 | 20180425110642.22 | |
| 010 | @a7-80159-660-9@dCNY27.00 | |
| 100 | @a20041213d2004 km y0chiy0120 ea | |
| 101 | 0 | @achi |
| 102 | @aCN@b110000 | |
| 105 | @aa z 000yy | |
| 200 | 1 | @aAutoCAD建筑计算机绘图实例教程@AAutoCAD jian zhu ji suan ji hui tu shi li jiao cheng@f龚小兰主编@Fgong xiao lan zhu bian |
| 210 | @a北京@c中国建材工业出版社@d2004.07 | |
| 215 | @a260页@c图@d23cm | |
| 225 | 2 | @a高等职业教育土建专业系列教材@f徐占发主编 |
| 330 | @a本书是一本计算机制图应用软件,其中包括:AutoCAD基础知识、基本绘图、绘图参数与对象特性、图形编辑、文字、图块绘制及其应用、尺寸标注等。 | |
| 333 | @a相关专业师生及普通读者 | |
| 410 | 0 | @12001 @a高等职业教育土建专业系列教材@1701 0@a徐占发@Axu zhan fa@4主编 |
| 606 | 0 | @a建筑制图@x计算机辅助设计@x应用软件@x高等教育@x教材 |
| 610 | 0 | @aAutoCAD |
| 690 | @aTU204@v4 | |
| 701 | 0 | @a龚小兰@Agong xiao lan@4主编 |
| 801 | 0 | @aCN@bQSSK@c20091124 |
| 905 | @a10447@dTU204@eG3921 | |
| AutoCAD建筑计算机绘图实例教程/龚小兰主编.-北京:中国建材工业出版社,2004.07 |
| 260页:图;23cm.-(高等职业教育土建专业系列教材/徐占发主编) |
| 使用对象:相关专业师生及普通读者 |
| ISBN 7-80159-660-9:CNY27.00 |
| 本书是一本计算机制图应用软件,其中包括:AutoCAD基础知识、基本绘图、绘图参数与对象特性、图形编辑、文字、图块绘制及其应用、尺寸标注等。 |
| ● |
| 相关链接 |
|
|
|
正题名:AutoCAD建筑计算机绘图实例教程
索取号:TU204/G3921
 
预约/预借
| 序号 | 登录号 | 条形码 | 馆藏地/架位号 | 状态 | 备注 |
| 1 | 1298963 | 212989630 | 建筑与城市规划学院资料室/ [索取号:TU204/G3921] | 在馆 | |
| 2 | 575475 | 205754753 | 建筑库101/101建筑库 108排2列4层/ [索取号:TU204/G3921] | 在馆 | |
| 3 | 575476 | 205754762 | 建筑库101/101建筑库 108排2列4层/ [索取号:TU204/G3921] | 在馆 | |
| 4 | 575477 | 205754771 | 建筑库101/101建筑库 108排2列4层/ [索取号:TU204/G3921] | 在馆 |